000 00303nam a22001337a 4500
008 260331b ||||| |||| 00| 0 eng d
020 _a0000100271
041 _aShqip
080 _82.1
_a221.
100 _a25
101 _aMonumente
245 _aMonumentet Ushtarake
_cNaser Ferri
942 _2udc
_cBK
999 _c60954
_d60954